Catálogo
 En Linea

Ponencias presentadas en el 1er. congreso internacional por la vida y la familia. (Registro nro. 28201)

Detalles MARC
000 -CABECERA
campo de control de longitud fija 00667nam a2200169 a 4500
001 - NÚMERO DE CONTROL
campo de control 000028709
005 - FECHA Y HORA DE LA ÚLTIMA TRANSACCIÓN
campo de control 20200930055106.0
008 - DATOS DE LONGITUD FIJA--INFORMACIÓN GENERAL
campo de control de longitud fija 110411s1993 dr 000 0 spa d
040 ## - FUENTE DE LA CATALOGACIÓN
Centro catalogador/agencia de origen DO-SdBNP
Lengua de catalogación spa
Centro/agencia transcriptor BNPHU
082 ## - NÚMERO DE LA CLASIFICACIÓN DECIMAL DEWEY
Número de clasificación xxx
Número de documento/Ítem C749
049 ## - FONDOS LOCALES (OCLC)
Fondos de biblioteca BNPD
111 1# - ENTRADA PRINCIPAL--NOMBRE DE CONGRESO/REUNIÓN
Nombre de congreso/reunión o jurisdicción como elemento de entrada Congreso Internacional por la Vida y la Familia
Número del congreso/reunión o número de parte o sección (1er :
Fecha del congreso/reunión 1993, mar 4-7 :
Sede del congreso/Lugar de la reunión Santo Domingo )
9 (RLIN) 55697
245 10 - MENCIÓN DE TÍTULO
Título Ponencias presentadas en el 1er. congreso internacional por la vida y la familia.
246 24 - FORMA VARIANTE DE TÍTULO
Título propio/Titulo breve Cuando le digan que el aborto es solo un asunto entre la mujer y su médico, se estan olvidando de alguien
260 ## - PUBLICACIÓN, DISTRIBUCIÓN, ETC.
Lugar de publicación, distribución, etc. Santo Domingo :
Nombre del editor, distribuidor, etc. Amigo del hogar,
Fecha de publicación, distribución, etc. 1993.
300 ## - DESCRIPCIÓN FÍSICA
Extensión 112 p. ;
Dimensiones 29 cm.
Existencias
Estado de retiro Estado de pérdida No para préstamo Código de colección Localización permanente Ubicación/localización actual Ubicación en estantería Fecha de adquisición Número de inventario Total de préstamos Signatura topográfica completa Código de barras Fecha visto por última vez Precio válido a partir de Tipo de ítem Koha
    Excluido de préstamo Patrimonio Dominicano Patrimonio Dominicano Patrimonio Dominicano En catalogación 11.04.2011 LF1   xxx C749 28709-10 25.06.2020 25.06.2020 Libro y Folleto Colección Patrimonio Dominicano

Con tecnología Koha